000 00671nam a2200229Ia 4500
003 OSt
005 20220926030327.0
006 a|||||r|||| 00| 0
007 ta
008 220923b |||||||| |||| 00| 0 eng d
037 _cGeneral Book
040 _aRTL
_cRTL
_beng
041 _2eng
_aeng
082 _aY:5.214sN81, M1.32-1
100 _aCENSUS OF INDIA 1981
245 0 _aProvisional Population Totals
_b Pondicherry
260 _aPondicherry
_bGovt.Press India
_c1981
300 _a42p
_ccm.
500 _aBibliography: p 471-80
942 _hY:5.214sN81, M1.32-1
_cGB
_2CC
999 _c649339
_d649339